000 00674cam a2200241 4500
008 090401t1987 xxu||||| |||| 00| 0 eng d
020 _a0947763279
035 _a(Sirsi) u60175
041 _aeng
050 _a333.33
100 _aPhillips, Simon
245 _aProperty company accounts
250 _a2nd ed.
260 _aReading
_bCollege of Estate Management
_c1987
300 _a78p. ; 25cm.
350 _a0
490 _aProperty Development Library
_v2
650 _aMANAGEMENT-BUSINESS MANAGEMENT-FINANCIAL MANAGEMENT-ACCOUNTING
650 _aCENTRE FOR ADVANCED LAND USE STUDIES
650 _aPROPERTY COMPANIES
942 _n0
948 _c04/03/1997
999 _c94201
_d94201